=LDR 00000nam 2200000 4500 =001 INLIS000000000028275 =005 20130612130607 =008 ***********************************Ind** =035 ##$$0010-061300000028275 =041 ##$$a Ind =082 ##$$a 398.309 598 24 =090 ##$$a 398.309 598 24, Hut c =100 ##$$a Hutomo, Suripan Sadi =245 ##$$a Cerita rakyat dari Surabaya, Suripan Sadi Hutomo; Setya Yuwana Sudikan =260 ##$$a 1996 $b Jakarta =300 ##$$a vii, 51 hlm, ilus, 20 cm =650 ##$$a Surabaya - Cerita Rakyat =850 ##$$a NBPNMAT